000
00324nam a2200133Ia 4500
008
150201s2004 xx 000 0 und d
082
_a
616.01
_b
E04G
100
_a
GUPTA , S K
245
_a
ESSENTIAL OF IMMUNIOLOGY
260
_b
PRENTICE- HALL
_a
DELHI
_c
2004
300
_a
1-361
650
_a
IMMUNOLOGY
942
_2
ddc
_c
BK
_0
6
999
_c
1244
_d
1244